Women in South Asia : (Record no. 154885)

MARC details
000 -LEADER
fixed length control field 00536nam a22001817a 4500
003 - CONTROL NUMBER IDENTIFIER
control field dpl
005 - DATE AND TIME OF LATEST TRANSACTION
control field 20180726134858.0
008 - FIXED-LENGTH DATA ELEMENTS--GENERAL INFORMATION
fixed length control field 180726b xxu||||| |||| 00| 0 eng d
020 ## - INTERNATIONAL STANDARD BOOK NUMBER
International Standard Book Number 817273039
Terms of availability 0.00
035 ## - SYSTEM CONTROL NUMBER
System control number B-018727
040 ## - CATALOGING SOURCE
Original cataloging agency DPL
Language of cataloging EN
Transcribing agency 0
082 ## - DEWEY DECIMAL CLASSIFICATION NUMBER
Classification number 305.40954
Item number MIS
100 ## - MAIN ENTRY--PERSONAL NAME
Personal name Mishra, Pramod
245 ## - TITLE STATEMENT
Title Women in South Asia :
Remainder of title dowry death and human rights violations /
Statement of responsibility, etc by Pramod Mishra
260 ## - PUBLICATION, DISTRIBUTION, ETC. (IMPRINT)
Place of publication, distribution, etc Delhi
Name of publisher, distributor, etc AuthorsPress
Date of publication, distribution, etc 2000
300 ## - PHYSICAL DESCRIPTION
Extent vi, 278p.
Dimensions 23cm.
942 ## - ADDED ENTRY ELEMENTS (KOHA)
Source of classification or shelving scheme Dewey Decimal Classification
Koha item type English Books
Classification part 305.40954
Call number suffix MIS
Holdings
Withdrawn status Lost status Source of classification or shelving scheme Damaged status Not for loan Collection code Home library Current library Date acquired Source of acquisition Cost, normal purchase price Total Checkouts Full call number Barcode Date last seen Cost, replacement price Price effective from Koha item type
    Dewey Decimal Classification     Non-fiction Patel Nagar Patel Nagar 26/07/2018 BPPD/PUB 0.00   305.40954 MIS B-018727 26/07/2018 0.00 26/07/2018 English Books

© Delhi Public Library
Hit Counter
free hit counter